| 000 | 01130nam a22002537a 4500 | ||
|---|---|---|---|
| 999 |
_c22073 _d22073 |
||
| 003 | AR-CdUCM | ||
| 008 | 190425b ||||| |||| 00| 0 spa d | ||
| 040 |
_aMUNICIPALIDAD PROVINCIAL DEL CUSCO _cBIBLIOTECA MUNICIPAL DEL CUSCO |
||
| 082 | _aSitua/N°15/1999 | ||
| 245 |
_aSitua : _bRevista semestral de la Facultad de Medicina Humana / _cFacultad de Medicina Humana, Universidad Nacional de San Antonio Abad del Cusco |
||
| 260 |
_aCusco : _b[UNSAAC], _c1999. |
||
| 300 |
_a67 páginas. : _c31 cm. |
||
| 440 |
_aSitua revista semestral de la Facultad de Medicina Humana. _nAño,8, N° 15, setiembre-febrero 1999. _947355 |
||
| 505 | _aContenido: Frecuencia del cáncer colorrectal en el Hospital Regional del Cusco en los años 1996,1997 y 1998. Evelyn Valencia Becerra... | ||
| 650 |
_aMedicina humana _947329 |
||
| 650 |
_aSalud pública _96404 |
||
| 650 |
_aHospitales _947330 |
||
| 650 |
_aCentros de Salud _932510 |
||
| 700 |
_aValencia Becerra, Evelyn _947356 |
||
| 710 |
_aFacultad de Medicina Humana _947335 |
||
| 710 |
_aUniversidad Nacional de San Antonio Abad del Cusco _915942 |
||
| 942 |
_2ddc _cPP |
||
| 945 | _avhl | ||